| 000 | 00432nam a2200145Ia 4500 | ||
|---|---|---|---|
| 008 | 151015s9999 xx 000 0 und d | ||
| 020 | _a7968468017 | ||
| 050 | _aLB1062.N295 2007 | ||
| 245 | _aNamwamba,Tom N. | ||
| 250 | _a_Elements Pedagogy of critical thinking Tom N. Namwambah | ||
| 300 | _aNirobi Dale publishers 2007 | ||
| 500 | _aIncludes reference. | ||
| 650 | _a_Critical thinking | ||
| 700 | _a^d20110114 12:18:33^oanne | ||
| 999 |
_c706 _d706 |
||